| 000 | 00457nam a2200157 i 4500 | ||
|---|---|---|---|
| 001 | bg | ||
| 245 | 0 |
_aĆwiczenia z geodezji i topografii : _bpraca zbiorowa. _nCz. 1. _nZ. 1 / _cpod red. Michała Odlanickiego-Poczobutta. |
|
| 250 | _aWyd.4 uzup. | ||
| 260 |
_aWarszawa, _c1969. |
||
| 700 | 1 |
_aOdlanicki-Poczobutt, Michał. _eRed. |
|
| 040 | _cBPK | ||
| 041 | _apol | ||
| 080 | _a528(075.8)(076) | ||
| 942 | _cKS | ||
| 008 | s pl f |000 0 pol | ||
| 999 |
_c10479 _d10479 |
||
| 856 |
_uhttp://koha.tu.koszalin.pl/cgi-bin/koha/opac-detail.pl?biblionumber=10479 _yKatalog online BPK |
||